The craft of writing poetry / (Record no. 4306)

MARC details
000 -LEADER
fixed length control field 00508nam a2200181 4500
001 - CONTROL NUMBER
control field 5141
005 - DATE AND TIME OF LATEST TRANSACTION
control field 20181127174855.0
020 00 - INTERNATIONAL STANDARD BOOK NUMBER
International Standard Book Number 9780749002893
090 00 - LOCALLY ASSIGNED LC-TYPE CALL NUMBER (OCLC); LOCAL CALL NUMBER (RLIN)
Classification number (OCLC) (R) ; Classification number, CALL (RLIN) (NR) 808.1 C5421c 1997
100 00 - MAIN ENTRY--PERSONAL NAME
Personal name Chisholm, Alison.
245 00 - TITLE STATEMENT
Title The craft of writing poetry /
Remainder of title
Statement of responsibility, etc. Alison Chisholm.
Medium
260 00 - PUBLICATION, DISTRIBUTION, ETC.
Place of publication, distribution, etc. London :
Name of publisher, distributor, etc. Allison & Busby,
Date of publication, distribution, etc. 1997.
300 00 - PHYSICAL DESCRIPTION
Extent 121 p. ; 25 cm.
650 00 - SUBJECT ADDED ENTRY--TOPICAL TERM
Topical term or geographic name entry element Creation (Literary, artistic, etc.)
General subdivision
Topical term or geographic name entry element Poetics.
General subdivision
Topical term or geographic name entry element Poetry--Authorship.
General subdivision
Holdings
Withdrawn status Lost status Source of classification or shelving scheme Damaged status Not for loan Collection code Home library Current library Shelving location Serial Enumeration / chronology Inventory number Total Checkouts Full call number Barcode Date last seen Copy number Price effective from Koha item type Date acquired
    Dewey Decimal Classification     Main TEST RTC Library RTC Library Main opac 8398   808.1 CHI 30009579 27/11/2018 1 27/11/2018 Main  
    Dewey Decimal Classification     Fac res RTC Library RTC Library Faculty reserve 8415   808.1 CHI 30009465 28/02/2022 2 27/11/2018 Faculty Reserve 23/12/2021
    Dewey Decimal Classification     Main TEST RTC Library RTC Library Main opac 8416   808.1 CHI 30008821 27/11/2018 3 27/11/2018 Main  
    Dewey Decimal Classification     Main TEST RTC Library RTC Library Main opac 9115   808.1 CHI 30009744 27/11/2018 4 27/11/2018 Main  
Royal Thimphu College || All Right Reserved